| 000 | 00762nam a22002297a 4500 | ||
|---|---|---|---|
| 003 | MX-MxUPN | ||
| 005 | 20250409163324.0 | ||
| 008 | 250409s2004 ja| |||fr|||| 000 0 eng d | ||
| 040 |
_aMX-MxUPN _bspa |
||
| 041 | 1 |
_aeng _hjpn |
|
| 050 | 4 |
_aHF5780 J3 _bO38 2004 |
|
| 100 | 1 |
_aOgura, Masao, _d1924-2005 _956334 |
|
| 245 | 1 | 0 |
_aDelivering the goods : _bentrepreneurship and innovation in a japansese corporation |
| 250 | _aFirst english edition | ||
| 260 |
_aTokyo : _bThe International House of Japan, _c2004 |
||
| 300 | _a218 páginas | ||
| 650 | 0 |
_aReparto de mercancías _zJapón _956335 |
|
| 650 | 4 |
_aEquipajes _xTransporte _zJapón _956333 |
|
| 700 | 1 |
_aNoble, David _956336 _etraducción |
|
| 902 | _bVíctorGodínez/090425 | ||
| 942 |
_2lcc _cLIBRO |
||
| 999 |
_c213079 _d213079 |
||